Catálogo
 En Linea

Leonel o Danilo: oportunidaes, fortalezas, tensiones y riesgos del PLD frente al reto del 2008 / (Registro nro. 20522)

Detalles MARC
000 -CABECERA
campo de control de longitud fija 00982nam a2200205 a 4500
003 - IDENTIFICADOR DEL NÚMERO DE CONTROL
campo de control DO-SdBNP
005 - FECHA Y HORA DE LA ÚLTIMA TRANSACCIÓN
campo de control 20230221141054.0
007 - CAMPO FIJO DE DESCRIPCIÓN FÍSICA--INFORMACIÓN GENERAL
campo de control de longitud fija ta
008 - DATOS DE LONGITUD FIJA--INFORMACIÓN GENERAL
campo de control de longitud fija 100830s2007 000 spa d
040 ## - FUENTE DE LA CATALOGACIÓN
Centro catalogador/agencia de origen DO-SdBNP
Lengua de catalogación spa
Centro/agencia transcriptor BNPHU
082 #4 - NÚMERO DE LA CLASIFICACIÓN DECIMAL DEWEY
Número de edición 22
100 1# - ENTRADA PRINCIPAL--NOMBRE DE PERSONA
Nombre de persona Ortiz, Aulio,
Fechas asociadas al nombre 1950-
9 (RLIN) 77243
245 10 - MENCIÓN DE TÍTULO
Título Leonel o Danilo: oportunidaes, fortalezas, tensiones y riesgos del PLD frente al reto del 2008 /
Mención de responsabilidad, etc. Aulio Ortiz.
260 ## - PUBLICACIÓN, DISTRIBUCIÓN, ETC.
Lugar de publicación, distribución, etc. Santo Domingo :
Nombre del editor, distribuidor, etc. [s. n.],
Fecha de publicación, distribución, etc. 2007.
300 ## - DESCRIPCIÓN FÍSICA
Extensión 159 p. ;
Dimensiones 19 cm.
500 ## - NOTA GENERAL
Nota general Incluye datos biográficos del autor en las solapas.
505 0# - NOTA DE CONTENIDO CON FORMATO
Nota de contenido con formato Comenzando por el final --
Título Política y matemáticas --
-- El discurso antireeleccionista --
-- Estrellas y cometas --
-- Estabilidad o inestabilidad --
-- La doctrina de Juan Bosch --
-- De Bosch a Leonel --
-- El nuevo partido tras el "Congreso Juan Bosch" --
-- De la abundancia del corazón habla la boca "--
-- ¿Leonel o Danilo? --
-- El PLD después de mayo.
590 ## - NOTA LOCAL (RLIN)
Nota local Inventariado, 2020 /LP
942 ## - ELEMENTOS DE PUNTO DE ACCESO ADICIONAL (KOHA)
Fuente del sistema de clasificación o colocación Dewey Decimal Classification
Tipo de ítem Koha Libro
Existencias
Estado de retiro Estado de pérdida Fuente del sistema de clasificación o colocación Restricciones de uso No para préstamo Código de colección Localización permanente Ubicación/localización actual Ubicación en estantería Fecha de adquisición Fuente de adquisición Fecha visto por última vez Precio válido a partir de Tipo de ítem Koha Total de préstamos Código de barras Número de copia
    Dewey Decimal Classification Excluido de préstamo   Patrimonio Dominicano Biblioteca Nacional Pedro Henríquez Ureña Biblioteca Nacional Pedro Henríquez Ureña En catalogación 16.11.2020 Donación 16.11.2020 16.11.2020 Libro      
    Dewey Decimal Classification Excluido de préstamo   Patrimonio Dominicano Biblioteca Nacional Pedro Henríquez Ureña Biblioteca Nacional Pedro Henríquez Ureña En catalogación 21.02.2023 Donación 21.02.2023 21.02.2023 Libro   2023-1047 e.2

Con tecnología Koha